|
|
|
|
| LEADER |
00000nas a2200000 a 4500 |
| 001 |
ssj0001406 |
| 003 |
WaSeSS |
| 005 |
20200512172242.0 |
| 006 |
m d |
| 007 |
cr n |
| 008 |
000209d19931999enkbr pss 0 a0eng |
| 010 |
|
|
|a 2004698513
|
| 022 |
|
|
|a 2396-9105
|y 1353-2642
|
| 035 |
|
|
|a (WaSeSS)ssj0001406
|
| 037 |
|
|
|b Emerald Group Publishing Limited, 60/62 Toller Lane, Bradford BD8 9BY, England
|
| 040 |
|
|
|a MUS
|b eng
|c MUS
|d OCLCQ
|d CNU
|d OCLCS
|d AUD
|d OCLCQ
|d OCLCF
|d OCLCO
|d OCLCQ
|d OCLCO
|d OCLCQ
|d DLC
|d BUF
|d KSU
|d OCLCO
|d U3W
|d VT2
|d OCLCO
|d WaSeSS
|
| 042 |
|
|
|a pcc
|
| 050 |
0 |
0 |
|a Z699.A1
|
| 082 |
0 |
0 |
|a 025.04
|2 20
|
| 130 |
0 |
|
|a Online & CD-ROM review (Online)
|
| 245 |
1 |
0 |
|a Online & CD-ROM review
|h [electronic resource].
|
| 246 |
3 |
0 |
|a Online and CD-ROM review
|
| 246 |
3 |
0 |
|a Online & CDROM review
|
| 246 |
3 |
0 |
|a Online and CDROM review
|
| 260 |
|
|
|a Bradford, England :
|b Emerald Group Pub.
|
| 310 |
|
|
|a Bimonthly
|
| 362 |
1 |
|
|a Print began with vol. 17, no. 1 (Feb. 1993); ceased with: vol. 23, no. 6 (Dec. 1999).
|
| 500 |
|
|
|a Print version published: Oxford ; Medford, NJ : Learned Information.
|
| 506 |
|
|
|a License restrictions may limit access.
|
| 538 |
|
|
|a Mode of access: World Wide Web.
|
| 580 |
|
|
|a Print version continues: On-line review.
|
| 588 |
|
|
|a Last issue consulted: Vol. 23, issue 6 (1999); title from article PDF file (Emerald, viewed Oct. 19, 2017).
|
| 650 |
|
0 |
|a Information storage and retrieval systems
|v Periodicals.
|
| 650 |
|
0 |
|a Online data processing
|v Periodicals.
|
| 650 |
|
0 |
|a CD-ROMs
|v Periodicals.
|
| 650 |
|
7 |
|a CD-ROMs.
|2 fast
|0 (OCoLC)fst00843362
|
| 650 |
|
7 |
|a Information storage and retrieval systems.
|2 fast
|0 (OCoLC)fst00972781
|
| 650 |
|
7 |
|a Online data processing.
|2 fast
|0 (OCoLC)fst01045942
|
| 650 |
|
2 |
|a Online Systems.
|
| 650 |
|
2 |
|a CD-ROM.
|
| 650 |
|
2 |
|a Information Systems.
|
| 655 |
|
0 |
|a Electronic journals.
|
| 776 |
0 |
8 |
|i Print version:
|t Online & CD-ROM review
|x 1353-2642
|w (DLC) 93657043
|w (OCoLC)27743281
|
| 780 |
0 |
0 |
|t On-line review
|x 2396-9091
|w (DLC) 2017208084
|w (OCoLC)565522083
|
| 785 |
0 |
0 |
|t Online information review (Online)
|x 1468-4535
|w (DLC) 2004698512
|w (OCoLC)44043788
|
| 850 |
|
|
|a DLC
|
| 856 |
4 |
0 |
|z Full text available from Research Library: 02/01/1998 to 12/31/1999
|u https://search.proquest.com/publication/27163
|